|
|
|
|
| LEADER |
00000nam0a2200000 4500 |
| 001 |
352773 |
| 005 |
20231102010530.0 |
| 035 |
|
|
|a (RuTPU)RU\TPU\retro\9558
|
| 090 |
|
|
|a 352773
|
| 100 |
|
|
|a 20200205d1906 km y0gery50 ba
|
| 101 |
0 |
|
|a ger
|
| 102 |
|
|
|a DE
|
| 105 |
|
|
|a a z 000zy
|
| 200 |
1 |
|
|a Beitrag zur Bestimmung der Formveranderung gekropfter Kurbelwellen
|f G. Duffing
|
| 210 |
|
|
|a Berlin
|c Verlag von Julius Springer
|d 1906
|
| 215 |
|
|
|a 46 s.
|c il.
|
| 316 |
|
|
|5 63413507: КР-6774
|a На титульном листе владельческий штамп Механической лаборатории Томского Технологического Института Императора Николая II
|
| 541 |
1 |
|
|a Вклад в определение изменения формы коленчатых валов
|z ger
|
| 606 |
1 |
|
|a Коленчатые валы
|x Конструкция и расчет
|2 stltpush
|3 (RuTPU)RU\TPU\subj\14701
|9 41056
|
| 610 |
1 |
|
|a формы
|
| 610 |
1 |
|
|a изменения
|
| 610 |
1 |
|
|a деформация
|
| 610 |
1 |
|
|a теория упругости
|
| 610 |
1 |
|
|a уравнения
|
| 610 |
1 |
|
|a расчеты
|
| 610 |
1 |
|
|a силы
|
| 610 |
1 |
|
|a изгибающие моменты
|
| 610 |
1 |
|
|a интегралы
|
| 610 |
1 |
|
|a механизмы
|
| 610 |
1 |
|
|a схемы
|
| 610 |
1 |
|
|a чертежи
|
| 610 |
1 |
|
|a формулы
|
| 610 |
1 |
|
|a немецкий язык
|
| 675 |
|
|
|a 621.824.3
|v 4
|
| 700 |
|
1 |
|a Duffing
|b G.
|g Georg
|
| 801 |
|
1 |
|a RU
|b 63413507
|c 20200205
|
| 801 |
|
2 |
|a RU
|b 63413507
|c 20200630
|g RCR
|
| 942 |
|
|
|c BK
|